Filosofia del Novecento (La) (Record n. 87598)
[ formato base ]
| 000 -LEADER | |
|---|---|
| fixed length control field | 01754nam a2200289Ia 4500 |
| 001 - CONTROL NUMBER | |
| control field | E5527 |
| 003 - CONTROL NUMBER IDENTIFIER | |
| control field | IT-RoPAU |
| 008 - FIXED-LENGTH DATA ELEMENTS--GENERAL INFORMATION | |
| fixed length control field | 130308s9999 xx 000 0 und d |
| 040 ## - CATALOGING SOURCE | |
| Original cataloging agency | IT-RoPAU |
| 040 ## - CATALOGING SOURCE | |
| Transcribing agency | IT-RoPAU |
| 041 ## - LANGUAGE CODE | |
| Language code of text/sound track or separate title | ITALIANO |
| 100 ## - MAIN ENTRY--PERSONAL NAME | |
| Personal name | Bodei Remo |
| 100 ## - MAIN ENTRY--PERSONAL NAME | |
| Miscellaneous information | Codice Aut. SPICS: 2055 |
| 245 ## - TITLE STATEMENT | |
| Title | Filosofia del Novecento (La) |
| 245 ## - TITLE STATEMENT | |
| Remainder of title | Filosofia del Novecento (La) |
| 250 ## - EDITION STATEMENT | |
| Edition statement | 1a ed. |
| 260 ## - PUBLICATION, DISTRIBUTION, ETC. (IMPRINT) | |
| Place of publication, distribution, etc. | ROMA |
| 260 ## - PUBLICATION, DISTRIBUTION, ETC. (IMPRINT) | |
| Name of publisher, distributor, etc. | Donzelli |
| 260 ## - PUBLICATION, DISTRIBUTION, ETC. (IMPRINT) | |
| Date of publication, distribution, etc. | 1997 [1° Ed.:1997 - Ed.Ling.Originale:1997] |
| 300 ## - PHYSICAL DESCRIPTION | |
| Extent | "192 p. (prefazione: no ; testo: 192)" |
| 500 ## - GENERAL NOTE | |
| General note | Filosofie Dello Slancio. Filosofia e Sapere Scientifico. pathos dell'Oggettivazione: Durkheim e Weber, da croce a Gramsci. Dislivelli della Storia: storicismo di Dilthey, Filosofia dell'Antropologia, Mito e Ragione Strumentale del Nazionalsocialismo. incontro delle Filosofie e Nuova Epistemologia. pensiero Dialettico. Mondo e Sguardo: Husserl e la Visione della Cosa, Schutz e le Migrazioni di Senso, Heidegger e Il Disvelamento dell'Essere, Witgenstein Linguaggio e Mondo, Sartre e Lo Sguardo dell'Altro, Laing e bateson e gli Inestricabili Nodi, Merleau Ponty e la tovaglia Bianca, Foucault e Losguardo del Potere e le Tecniche dell'Io, Parfit o Il tunnel di vetro dell'Identità. Vincoli della Tradizione: Blumenberg e le Metafore, Gadamer e L'Ermeneutica, mitologia bianca di Derrida. Vita Activa: Arendt Pensare Volere e Giudicare, Habermas e Il Deserto Avanza, Rawls Lotteria Naturale e Giustizia. guardando Avanti: Orizzonti della Terra, Dall'Italia, Rorty Comunità e Verità, Incertezza e Disimpegno, ritorno della Responsabilita'. |
| 650 ## - SUBJECT ADDED ENTRY--TOPICAL TERM | |
| Topical term or geographic name as entry element | EPISTEMOLOGIA |
| 650 ## - SUBJECT ADDED ENTRY--TOPICAL TERM | |
| Relator term | Codice materia Spics: 3051 |
| 942 ## - ADDED ENTRY ELEMENTS (KOHA) | |
| Koha item type | LIBRO |
| 957 ## - | |
| -- | 1 |
| 999 ## - SYSTEM CONTROL NUMBERS (KOHA) | |
| -- | 1 |
| Withdrawn status | Lost status | Damaged status | Not for loan | Home library | Current library | Date acquired | Total Checkouts | Full call number | Date last seen | Price effective from | Koha item type | Public note |
|---|---|---|---|---|---|---|---|---|---|---|---|---|
| Buone Condizioni | Not For Loan | SPICS-MEDIATECA | SPICS-MEDIATECA | 08/03/2013 | E5527 | 08/03/2013 | 08/03/2013 | LIBRO | Progressivo inserimento: 1162 / N. Volumi: 1 Copie: 1 / data import: 1 marzo 2013 - By Epidotti, Trombetti, Vaglietti. |